Catàleg de publicacions
Descripción Física:
7 volums ; 21 cm
Materias:
Institut del Teatre (Barcelona, Catalunya) -- Bibliografia
; Teatre -- Bibliografia -- Catàlegs
Idioma:
Catalán
MARC
| LEADER | 00000nam a2200000Ia 4500 | ||
|---|---|---|---|
| 001 | 11087, 12761, 12762 | ||
| 003 | Arxiu | ||
| 005 | 20260324181042.0 | ||
| 008 | 160829s1983 spc xx r cat c | ||
| 040 | |a AGDB | ||
| 080 | |a FU-12-55, FU-12-56, FU-28-28 | ||
| 080 | |a FU-12-57, A-2-257, A-2-90, A-2-248 | ||
| 110 | 1 | |a Institut del Teatre (Barcelona, Catalunya) |9 52662 |e entitat autora | |
| 245 | 1 | 0 | |a Catàleg de publicacions |
| 246 | 1 | 2 | |a Publicacions de l'Institut del Teatre |
| 260 | |a Barcelona : |b Diputació de Barcelona, Institut del Teatre, |c 1983- | ||
| 300 | |a 7 volums ; |c 21 cm | ||
| 500 | |a Fins al 1995, el títol és Publicacions de l'Institut del Teatre | ||
| 610 | 2 | 0 | |9 56041 |a Institut del Teatre (Barcelona, Catalunya) |x Bibliografia |
| 650 | |a Teatre |x Bibliografia |x Catàlegs |9 33361 | ||
| 710 | 1 | |a Barcelona (Catalunya : Província). |b Diputació |e entitat editora |9 52408 | |
| 866 | |a [198 ca.]. |x [8] p. ; 21 cm, 1984. |x [2] p. ; 30 cm, Desembre 1989. |x [26] p. ; 21 cm | ||
| 866 | |a [198-?], 1995, 1999, 2000 | ||
| 901 | |a Arxiu | ||
| 942 | |n 1 |2 udc |c ARXIU | ||
| 952 | |0 0 |1 0 |4 0 |6 A2257_A290_A2248 |7 1 |9 44703 |a Arxiu |b Arxiu |d 2016-12-01 |o A-2-257, A-2-90, A-2-248 |p 17873, 12221 |r 2016-12-01 00:00:00 |w 2016-12-01 |y ARXIU | ||
| 952 | |0 0 |1 0 |4 0 |6 FU2828 |7 1 |9 46276 |a Arxiu |b Arxiu |d 2016-12-01 |o FU-28-28 |p 12762 |r 2016-12-01 00:00:00 |w 2016-12-01 |y ARXIU | ||
| 952 | |0 0 |1 0 |4 0 |6 FU1256 |7 1 |9 65737 |a Arxiu |b Arxiu |d 2023-03-22 |h 1989 |l 0 |o FU-12-56 |p 11087 |r 2023-03-22 00:00:00 |w 2023-03-22 |y ARXIU | ||
| 952 | |0 0 |1 0 |4 0 |6 FU1255 |7 1 |9 65738 |a Arxiu |b Arxiu |d 2023-03-22 |h 1984 |l 0 |o FU-12-55 |p 12761 |r 2023-03-22 00:00:00 |w 2023-03-22 |y ARXIU | ||
| 952 | |0 0 |1 0 |4 0 |6 FU1257 |7 1 |9 65739 |a Arxiu |b Arxiu |d 2023-03-22 |h 1983 |o FU-12-57 |p 12763 |r 2023-03-22 00:00:00 |w 2023-03-22 |y ARXIU | ||
| 999 | |c 49778 |d 49778 | ||